Songs by Artist Click Quiz #10 - Statistics

General Stats
  • This quiz has been taken 168 times
  • The average score is 19 of 30
Answer Stats
Hint Answer % Correct
Shape of You Ed Sheeran
91%
SexyBack Justin Timberlake
87%
Wrecking Ball Miley Cyrus
87%
Perfect Ed Sheeran
84%
Jenny from the Block Jennifer Lopez
84%
Stronger (What Doesn't Kill You) Kelly Clarkson
83%
Since U Been Gone Kelly Clarkson
80%
Cry Me a River Justin Timberlake
77%
Can't Stop the Feeling! Justin Timberlake
77%
Thinking Out Loud Ed Sheeran
76%
Party in the U.S.A. Miley Cyrus
76%
Neutron Star Collision (Love Is Forever) Muse
76%
Photograph Ed Sheeran
71%
Cave Muse
67%
On the Floor Jennifer Lopez
65%
Because of You Kelly Clarkson
64%
The Climb Miley Cyrus
64%
Plug In Baby Muse
61%
What Goes Around... Comes Around Justin Timberlake
59%
Mirrors Justin Timberlake
59%
My Life Would Suck Without You Kelly Clarkson
57%
Let's Get Loud Jennifer Lopez
56%
Can't Be Tamed Miley Cyrus
53%
Sunburn Muse
51%
Love Don't Cost a Thing Jennifer Lopez
49%
If You Had My Love Jennifer Lopez
47%
Uno Muse
44%
Breakaway Kelly Clarkson
40%
I See Fire Ed Sheeran
36%
See You Again Miley Cyrus
28%
No matching quizzes found
Score Distribution
Percent of People with Each Score
Percentile by Number Answered
Your Score History
You have not taken this quiz